000 00484 a2200193 4500
003 Nust
005 20230529111939.0
010 _aunk81050867
040 _cNust
082 _a808.83,JAM
100 _aJameson, Storm,
_9112744
245 _aCompany parade
_cStorm Jameson
250 _a1st ed
260 _aLondon
_bCassell an Company Limited
_c1934
300 _a345 p
_billus
_c19 cm
600 _aJameson, Storm,
_9112744
650 _aCompany parade
_9112745
942 _2ddc
_cBK
999 _c186274
_d186274